000 01402nam2a22002291 4500
001 v19\rc\1249091
005 20250617234548.0
035 _a(NLR Aleph) 004405592
090 _a3935717
_c3935717
100 _a20060306d1829 |||y0rusy50 ca
101 0 _arus
102 _aRU
105 _ay z |||||
200 0 _a... для изучения способов добывания и употребления осветительных материалов и топлива
210 _dценз. 1829
_aБ. м.
215 _a22 с.
461 0 _1001v19\rc\1249086
_12001#$aОбъяснительный текст к наглядным образцам...$f[Соч.] Л. Гестермана$v... для изучения способов добывания и употребления осветительных материалов и топлива$90
_93935658
_c[Санкт-Петербург]
_dценз. 1879-1880
_f[Соч.] Л. Гестермана
_nтип. Дома призрения малолетних бедных
_p8 т.
_tОбъяснительный текст к наглядным образцам...
_v... для изучения способов добывания и употребления осветительных материалов и топлива$90
801 0 _aRU
_bNLR
_gpsbo
801 1 _aRU
_bProSoft-M
_2rusmarc
852 _aNLR
_j18.136.1.414
942 _cBOOK
980 _aNB